00339nam a22001457a 4500003000700000005001700007008004100024082002000065100001400085245002100099260003400120300000800154490002600162650000500188MPLRDC20220104125419.0210129b ||||| |||| 00| 0 eng d a857.9 NK-4 v.1* a倪匡著 a无情剑. 上c ab金兰文化出版社c1981 b平 a倪匡小说专辑;13 a